Zabiłem Piotra Jaroszewicza

Titel: Zabiłem Piotra Jaroszewicza / Henryk Skwarczyński
Verfasser:
Ausgabe: Wyd. 1
Veröffentlicht: Poznań : Wydanw. Zysk i S-ka, 2011
Umfang: 229 S.
Format: Buch
Sprache: Polnisch
Schriftenreihe/
mehrbändiges Werk:
Klub Srebrnego Klucza
ISBN: 9788375068801
Kein Bild verfügbar
X
Lokale Klassifikation: 2 J 976 ; 32 7 W
alg: 28940741
001A    $03004:08-02-12 
001B    $01999:09-06-23 $t19:49:05.000 
001C    $03004:13-04-12 $t11:58:40.000 
001D    $03004:13-04-12 
001U    $0utf8 
001X    $00 
002@    $0Aau 
003@    $0289407419 
004D    $A978-83-7506-880-1 
007A    $0289407419 $aHEB 
007T    $0Herdhh289407419 
010@    $apol 
011@    $a2011 
021A    $aZabiłem Piotra Jaroszewicza $hHenryk Skwarczyński 
028A    $7 $8Skwarczyński, Henryk [Tnu] $9268734852 
032@    $aWyd. 1 
033A    $pPoznań $nWydanw. Zysk i S-ka 
034D    $a229 S. 
036G    $aKlub Srebrnego Klucza 
037A    $a1. Aufl. u.d.T.: Jak zabiłem Piotra Jaroszewicza 
045F    $a900.9438 $eDDC23BSB 
045F/01 $a900 
045F/03 $g438 
045G    $a306.09438 $eDDC23BSB 
045G/01 $a306.09 
045G/03 $g438 

lok: 28940741 24
101B    $013-04-12 $t11:58:40.000 
101C    $008-02-12 
101U    $0utf8 
145Z/01 $a2 J 976 
145Z/02 $a32 7 W 

exp: 28940741 24 1 #EPN
201B/01 $013-04-12 $t11:59:09.000 
201C/01 $008-02-12 
201U/01 $0utf8 
203@/01 $0638092442 
208@/01 $a13-04-12 $bz 
209A/01 $a12.01519 $du $f050 $h12 01519 $x00 
209C/01 $a12.01519 K $h12 01519 K 
209G/01 $a73004268 $x00 
220C/01 $anie 
244Z/01 $7128630841 $8--Tp1--Jaroszewicz, Piotr$Z1909-1992 $x01 $9118291882 
247C/01 $8358050-7 Marburg, Bibliothek des Herder-Instituts Marburg $9102600961 

lok: 28940741 78

exp: 28940741 78 1 #EPN
201B/01 $019-04-17 $t22:03:59.000 
201U/01 $0utf8 
203@/01 $0793884209 
208@/01 $a12-11-16 $be 
209A/01 $a/ $f000 $x00 
237A/01 $aweiterführende Signatur(en): Herder-Institut: 12.01519 
244Z/01 $2Trx $#Poola $#Lenkija $#Polija $#Polen Land $#Poland $#Lengyelország $#Poľsko $#Polsko $8--Trx--Polska$gkraj $x01 $9391345966 
244Z/01 $2Trx $8--Trx--Monographie $x02 $9391384546 
245Z/01 $a11.01 $x01 
247C/01 $82080>Marburg/Lahn, Herder-Institut, Forschungsbibliothek, Bibliographieportal $9336309341
LEADER 00000cam a2200000 c 4500
001 289407419
003 DE-603
005 20230609194905.0
007 tu
008 120208s2011 xx |||| | u00||u|pol c
020 |z 9788375068801 
035 |a (DE-599)HEB289407419 
040 |a DE-603  |b ger  |c DE-603  |d DE-603 
041 |a pol 
082 0 4 |8 1\u  |a 900.9438  |q DE-101  |2 23/BSB 
083 0 |8 2\u  |a 306.09438  |q DE-101  |2 23/BSB 
085 |8 1\u  |b 900 
085 |8 1\u  |z 2  |s 438 
085 |8 2\u  |b 306.09 
085 |8 2\u  |z 2  |s 438 
100 1 |a Skwarczyński, Henryk  |0 (DE-603)268734852 
245 0 0 |a Zabiłem Piotra Jaroszewicza  |c Henryk Skwarczyński 
250 |a Wyd. 1 
264 1 |a Poznań  |b Wydanw. Zysk i S-ka  |c 2011 
300 |a 229 S. 
490 0 |a Klub Srebrnego Klucza 
500 |a 1. Aufl. u.d.T.: Jak zabiłem Piotra Jaroszewicza 
924 0 |9 Mb 50  |a (DE-603)638092442  |b DE-Mb50  |c HES  |d c  |g 12.01519 
924 0 |9 2080  |a (DE-603)793884209  |b DE-2080  |c HES  |d d  |g /